书目信息 |
| 题名: |
全球顶级梦幻度假地
|
|
| 作者: | 斯托帕 著 ;詹茜 译 | |
| 分册: | ||
| 出版信息: | 北京 中国旅游出版社 2014.01 |
|
| 页数: | 304页 | |
| 开本: | 30cm | |
| 丛书名: | 梦想旅行家 | |
| 单 册: | ||
| 中图分类: | K919.1 | |
| 科图分类: | ||
| 主题词: | 旅游指南--世界 , 旅游指南 | |
| 电子资源: | ||
| ISBN: | 978-7-5032-4846-7 | |
| 000 | 01025oam2 2200301 450 | |
| 001 | 0120141216226 | |
| 005 | 20140609153826.56 | |
| 010 | @a978-7-5032-4846-7@dCNY195.00 | |
| 010 | @a978-7-5032-4903-7@dCNY800.00(全4册) | |
| 100 | @a20140126d2014 em y0chiy0110 ea | |
| 101 | 1 | @achi |
| 102 | @aCN@b110000 | |
| 105 | @aab z 001yy | |
| 106 | @ar | |
| 200 | 1 | @a全球顶级梦幻度假地@9quan qiu ding ji meng huan du jia di@f西蒙娜·斯托帕(Simona Stoppa)著@g詹茜译 |
| 210 | @a北京@c中国旅游出版社@d2014.01 | |
| 215 | @a304页@c图,地图@d30cm | |
| 225 | 2 | @a梦想旅行家 |
| 330 | @a本书通过大量的度假胜地的美景照片,为读者展现出了历史和自然的宏伟,让读者经历一次奇妙的环球旅行,游览八十个超级棒的度假地景点。 | |
| 333 | @a地理学爱好者及旅游爱好者 | |
| 461 | 0 | @12001 @a梦想旅行家 |
| 606 | 0 | @a旅游指南@y世界 |
| 606 | 0 | @a旅游指南 |
| 690 | @aK919.1@v5 | |
| 701 | 0 | @a斯托帕@9si tuo pa@c(Stoppa, Simona)@4著 |
| 702 | 0 | @a詹茜@9zhan qian@4译 |
| 801 | 0 | @aCN@b人天书店@c20140126 |
| 905 | @b549901-02@dK919.1@e215@f2 | |
| 全球顶级梦幻度假地/西蒙娜·斯托帕(Simona Stoppa)著/詹茜译.-北京:中国旅游出版社,2014.01 |
| 304页:图,地图;30cm.-(梦想旅行家) |
| 使用对象:地理学爱好者及旅游爱好者 |
| ISBN 978-7-5032-4846-7:CNY195.00 |
| 本书通过大量的度假胜地的美景照片,为读者展现出了历史和自然的宏伟,让读者经历一次奇妙的环球旅行,游览八十个超级棒的度假地景点。 |
| ● |
| 相关链接 |
|
|
|
|
正题名:全球顶级梦幻度假地
索取号:K919.1/215
 
预约/预借
| 序号 | 登录号 | 条形码 | 馆藏地/架位号 | 状态 | 备注 |
| 1 | 549901 | 205499012 | 第二样本阅览室/ [索取号:K919.1/215] | 在馆 | |
| 2 | 549902 | 205499021 | 第二借阅区/ [索取号:K919.1/215] | 在馆 |